000 00773nam a2200217Ia 4500
001 17632
003 GE_BSU
008 181216s||||||||xx |||||||||||||| ||und||
040 _cGE_BSU
080 _a629.113(035)
100 _aАфанасьев,Л.Л. Иларионов,В.А. Струве,Н.Э. Шестопалов,К.С.
245 _aСправочник автомобильного механика.
245 _cПод общ. ред. Л.Л.Афанасьева.
250 _aИзд. четвертое, перер. и дополненое.
260 _aМ.
260 _bМашиностроение.
260 _c1969.
300 _a688 стр. 22 см.
653 _aСправочник автомобильного механика.
942 _cBK
999 _c50681
_d50681